Kraje które posiadają pustynie (dla geomexa) - Statystyki

Ogólne statystyki
  • Ten quiz został rozwiązany 85 razy
    83 od ostatniego zresetowania
  • Średni wynik to 32 z 41
Statystyki odpowiedzi
Kontynenty Państwo % Poprawnych
Australia i Oceania Australia
93%
Azja Chiny
90%
Afryka Egipt
89%
Europa Polska
89%
Ameryka Północna Stany Zjednoczone
89%
Ameryka Południowa Chile
87%
Azja Irak
87%
Azja Iran
87%
Ameryka Północna Meksyk
87%
Ameryka Południowa Argentyna
85%
Azja Indie
85%
Azja Jemen
85%
Azja Arabia Saudyjska
84%
Azja Oman
84%
Azja Pakistan
84%
Afryka Maroko
82%
Azja Mongolia
82%
Afryka Niger
82%
Azja Uzbekistan
82%
Afryka Algieria
80%
Azja Izrael
80%
Ameryka Południowa Peru
80%
Afryka Tunezja
80%
Azja Afganistan
79%
Europa Hiszpania
79%
Azja Kazachstan
79%
Afryka Libia
79%
Afryka Sudan
79%
Azja Syria
77%
Azja Turkmenistan
77%
Afryka Czad
75%
Afryka Republika Południowej Afryki
75%
Azja Zjednoczone Emiraty Arabskie
75%
Afryka Mali
69%
Afryka Mauretania
69%
Afryka Botswana
67%
Azja Jordania
66%
Afryka Angola
64%
Afryka Namibia
64%
Afryka Zambia
61%
Afryka Zimbabwe
61%
Nie znaleziono quizów pasujących do podanych kryteriów
Rozkład punktacji
Procent ludzi z każdym wynikiem
Percentyl według liczby udzielonych odpowiedzi
Twoja historia wyników
Nie rozwiązałeś tego quizu od ostatniego zresetowania